000 00351nam a22001457a 4500
005 20240130105511.0
008 240130b |||||||| |||| 00| 0 eng d
020 _a81-7224-102-X
041 _aeng
100 _aADAIR, JOHN
_9301
245 _aTHE ACTION- CENTRED LEADER
260 _aBOMBAY
_bJAICO OPUBLICATION HOUSE
300 _a150;p
942 _cBK
999 _c8496
_d8494